Sports Quiz

Random Sports Quiz
Score 0/12 Timer 03:00
0 Plays Today
Question Answer Wrong Answers
George Tweedy, Harry Wainman, Nigel Batch have all made more than 400 appearances for Town. Which other keeper is in Town's “400 club?” James McKeown
72.8%
Danny Coyne
9.1%
Steve Sherwood
8.1%
Charlie Wright
9.6%
Which Clifton did NOT play for Grimsby? Kevin
64.6%
Harry
1.8%
Henry
22.3%
Brian
11.2%
And who scored the first League goal for Town back in League 2? Kayden Jackson
61.1%
Tom Bolarinwa
7.5%
Scott Vernon
17.9%
Luke Summerfield
12.4%
Which of these has never been the main colours of Town first-choice shirts (outfield ones)? Green
49.2%
White
5.4%
Pink
26.5%
Brown/Blue
14.9%
Which of these has NOT been a Town home ground? People's Park
42.6%
The Old Showground
43.1%
Clee Park
6.5%
Abbey Park
6.5%
Walter Scott set a record for an English keeper when playing for Town in the 1900s, by saving THREE penalties. - What was his nickname? Buns
40.9%
Biscuits
28.3%
Cakes
13.9%
Tarts
10.7%
The last time Town lost at Old Trafford was about how many years ago? 80
37.6%
50
17.4%
60
18.4%
70
24.6%
10. Since returning to the EFL, what is the longest run of consecutive games won? 4
34.6%
3
20.7%
5
21.1%
6
19.2%
How many managers have Town had in total? Over 50
31.5%
20-30
19%
30-40
26.4%
40-50
22.9%
Since returning to the EFL, Town's biggest winning score is 5-2. How many times has that been achieved in the last 4+ seasons? Three Times
30.6%
Once
13.7%
Twice
40.8%
Five Times
6.2%
Who has managed Town in most League matches since January 1st 2000? Russell Slade
30%
Alan Buckley
23%
Lennie Lawrence
2.4%
Paul Hurst
44.3%
Which Town player scored the final goal in the National League (NB Play-off games are not counted – official!) Craig Disley
28.9%
Padraig Amond
28%
Omar Bogle
28.7%
Shaun Pearson
13.5%
Remove Ads.
Support Sporcle.
Get the best of Sporcle when you Go Orange. This ad-free experience offers more features, more stats, and more fun while also helping to support Sporcle. Thank you for becoming a member.

You're not logged in!

Compare scores with friends on all Sporcle quizzes.
OR
Log In

Show Comments

Extras

Created Nov 28, 2020ReportNominate
Tags:fan, Grimsby, Town, ultimate

Top Quizzes Today


Score Distribution

Your Account Isn't Verified!

In order to create a playlist on Sporcle, you need to verify the email address you used during registration. Go to your Sporcle Settings to finish the process.

Report this User

Report this user for behavior that violates our Community Guidelines.

Details: